000 00402nam a2200145 i 4500
001 bg
100 1 _aMATYSZEWSKI, Tomisław
245 0 _aMateriały i wyroby budowlane.
_nCz. 7,
_pWyroby z zapraw /
_cTomisław Matyszewski, Barbara Madeła.
260 _aSzczecin,
_c1979.
700 1 _aMADEŁA, Barbara
040 _cBPK
041 _apol
942 _cKS
008 s pl f |000 0 pol
999 _c19142
_d19142
856 _uhttp://koha.tu.koszalin.pl/cgi-bin/koha/opac-detail.pl?biblionumber=19142
_yKatalog online BPK